000 00623nam a22002297a 4500
003 OSt
005 20180116192412.0
008 121207t2002 xxu||||| |||| 00| 0 eng d
020 _a9788495692184
020 _a 849569218X
040 _c0
082 _a712
100 1 _a Fine, Marc.
_96097
245 1 0 _aUrban spaces /
_cMarc Fine.
260 _aSpain :
_bAtrium Arto Editorial,
_c2002.
300 _a192 p. :
_bill;
_c31 cm.
650 _aCity planning
_96098
650 _aPublic spaces
_96099
650 _aLandscape design
_96100
942 _2ddc
_cBK
999 _c353588
_d353588